[Event "Kazan Mayors Cup 2022"]
[Site "Kazan"]
[Date "2022.01.28"]
[Round "4.4"]
[White "Rublevsky, Sergei"]
[Black "Timofeev, Artyom"]
[Result "0-1"]
[WhiteElo "2637"]
[BlackElo "2572"]
[Annotator "TA"]
[PlyCount "85"]
[EventDate "2022.01.28"]
[EventType "tourn"]
[EventCountry "RUS"]
[SourceTitle "playchess.com"]
[Source "ChessBase"]
[SourceQuality "1"]

{[%evp 18,85,32,36,44,8,21,19,39,12,5,11,20,0,0,0,0,0,52,25,53,19,108,95,164,160,176,175,300,285,275,221,353,288,269,272,366,0,226,227,238,232,218,93,282,121,285,0,330,109,148,139,141,-116,-124,-196,154,-11,265,146,327,173,147,94,148,-60,-60,-391,-379,-1051]} 1. e4 e5 2. Nf3 Nf6 3. d4 exd4 4. e5 Ne4 5. Qxd4 d5 6. exd6 Nxd6 7. Nc3 Nc6 8. Qf4 Be7 9. Bd3 Be6 10. Be3 (10. O-O {is interesting.} O-O 11. Bd2 Re8 12. Rad1 a5 13. a3) 10... Bf6 {C43: Petroff Defence: 3 d4.} 11. O-O-O Bxc3 12. bxc3 {[#]} Qe7 $146 {The position is equal.} ({Predecessor:} 12... Qf6 13. Qxf6 gxf6 14. Kb1 O-O-O 15. Nd4 Ne5 16. Nxe6 fxe6 17. Be2 Rhg8 18. g3 Ng4 {½-½ (54) Popov,I (2568)-Rakhmanov,A (2543) Dagomys 2009}) 13. Ng5 O-O-O {[%cal Od6b5] aiming for ...Nb5!} 14. Bc5 Bxa2 15. Rhe1 {Inhibits Qe5.} Qf6 16. Qxf6 gxf6 17. Nxh7 Be6 (17... Bc4 $11 18. Nxf6 Bxd3 19. Rxd3 (19. cxd3 Rxh2 20. Rg1 Ne8 $11) 19... Rxh2) 18. h3 $36 {[%mdl 2048] White has some pressure.} (18. Bxd6 $5 Rxd6 19. Nxf6 $11) 18... Rdg8 19. g4 ({Reject} 19. Nxf6 Rxg2 20. f4 Kb8 $11) (19. Bxd6 $5 cxd6 20. g4 $16) 19... Ne8 (19... f5 $1 $11 20. Bxd6 (20. Nf6 Rg6 $11) 20... Rxh7) 20. f4 $1 $16 b6 (20... f5 $16 21. Ng5 (21. gxf5 Bd7 $16) 21... Ng7) 21. Ba3 Kb7 22. Be4 Bc8 (22... b5 $142 23. Bc5 a5) 23. Rd8 $1 $18 Be6 {[%cal Of6f5]} 24. Nf8 Ng7 (24... Rxf8 {was worth a try.} 25. Bxf8 Nd6) 25. Bg2 f5 26. g5 Nh5 27. Rf1 (27. Nxe6 $18 Rxd8 28. Nxd8+ Rxd8 29. g6 fxg6 30. Re6) 27... Ng3 $2 (27... Bc4 $11 28. Rf2 Ng3) 28. Nxe6 Rxd8 29. Nxd8+ Rxd8 30. Rf2 (30. Re1 $18 {has better winning chances.}) 30... Re8 (30... Ne4 $16 31. Rf1 Re8) 31. Bf3 (31. Bd5 $18 {and the rest is easy.}) 31... Rh8 $2 (31... Re1+ $16 {keeps fighting.} 32. Kb2 (32. Kd2 Ra1 $14) 32... Ne4) 32. Bg2 $2 (32. Bd5 $18) 32... Re8 $2 {[%mdl 8192]} (32... Ne4 $11 {and Black stays safe.} 33. Rf1 Kc8) 33. Rf3 $2 (33. Bd5 $18 {is the precise move to win.}) 33... Ne4 34. h4 $1 Na5 {Strongly threatening ...Nc4.} 35. h5 $2 {[%mdl 8192]} (35. Kb1 $16) 35... Nc4 $17 {Black is more active. Pair of Knights!} 36. Bb2 (36. Rh3 $17 Ka6 37. Bxe4 Rxe4 38. Rd3) 36... Kc6 $2 (36... c6 $19 {...Ned2 is the strong threat.} 37. Bf1 Ncd2) 37. h6 $2 {[#]} (37. Rd3 $16) 37... b5 $2 {[%mdl 8192]} (37... Nxg5 $1 $11 {and Black has nothing to worry.} 38. Rg3+ Kb5) 38. Rh3 ({White must play} 38. Rf1 $1 $18) 38... Kd5 $2 (38... Kd6 $16 {was necessary.}) 39. Rd3+ (39. h7 $142 Rh8 40. Rh6) 39... Ke6 $18 {[#]} 40. Rd4 (40. Rd1 $142 $1) 40... c5 {[#]} (40... Rh8 $142) 41. Bxe4 $2 cxd4 $15 42. Bc6 {[%mdl 8192]} (42. Bd3 $1 $15) 42... Rc8 $19 43. cxd4 $2 {Weighted Error Value: White=1.06/Black=0.94} (43. Bb7 Rb8 44. Bf3) 0-1

[Event "Kazan Mayors Cup 2022"]
[Site "Kazan"]
[Date "2022.01.28"]
[Round "4.5"]
[White "Dreev, Aleksey"]
[Black "Sarana, Alexey"]
[Result "1/2-1/2"]
[WhiteElo "2623"]
[BlackElo "2666"]
[Annotator "TA"]
[PlyCount "106"]
[EventDate "2022.01.28"]
[EventType "tourn"]
[EventCountry "RUS"]
[SourceTitle "playchess.com"]
[Source "ChessBase"]
[SourceQuality "1"]

{[%evp 21,106,8,20,11,19,22,24,20,18,14,17,9,15,0,31,11,35,27,43,14,16,16,19,14,70,64,68,62,87,41,43,56,38,0,39,45,64,26,37,0,0,-11,-11,-11,24,24,56,33,51,58,110,107,108,8,10,6,5,8,8,10,9,0,17,7,18,0,6,0,0,0,0,0,2,0,13,0,0,0,0,0,0,0,0,0,0,0,0]} 1. d4 Nf6 2. Nf3 d5 3. c4 e6 4. Bg5 Bb4+ 5. Nc3 dxc4 6. e4 {[%cal Be2e4,Be4e5][%mdl 32]} c5 7. e5 cxd4 8. Nxd4 Bxc3+ 9. bxc3 Qa5 10. exf6 Qxg5 11. fxg7 Qxg7 12. Qd2 {D39: Queen's Gambit Declined: Ragozin Defence with 5 Bg5 dxc4.} Bd7 13. Bxc4 O-O 14. O-O {White has an edge.} Nc6 {[%cal Bb8c6,Bc6e7,Be7f5][%mdl 32]} 15. Nf3 Rad8 16. Qe3 {Inhibits Ne5.} Ne7 17. Ne5 {[#]} Nf5 $146 ({Predecessor:} 17... Bc6 18. Nxc6 Nxc6 19. f4 Kh8 20. Rae1 Rg8 21. Re2 Ne7 22. Qxa7 Qxc3 23. Bb3 Nf5 24. Qf2 Rg4 25. Rc2 Qg7 26. Qe1 Rg8 {0-1 (26) Rychagov,A (2561)-Kharlov,A (2474) Kazan 2013}) 18. Qf4 Bc6 19. Nxc6 bxc6 20. Rad1 Rxd1 21. Rxd1 Qxc3 22. Bd3 Ng7 (22... Qf6 $11) 23. Qh4 $14 {[%csl Gd3][%cal Rh4h7][%mdl 1024] [#] White has compensation. White is more active.} f5 24. Qe7 a5 25. g3 (25. Bf1 $16) 25... Rf7 26. Qd8+ Rf8 27. Qe7 Rf7 $1 28. Qd6 h5 29. Rb1 {To avoid Rb7} Kh7 30. h4 c5 {[%cal Bc6c5,Bc5c4][%mdl 32]} 31. Rb8 c4 32. Bb1 Qc1+ 33. Kg2 c3 {Hoping for ...c2.} 34. Qc6 Qe1 35. Rb3 ({Much worse is} 35. Qc8 Qe5 $15) 35... a4 {[#]} ({Black should try} 35... Qd1 $14) 36. Qxc3 $1 $16 Qd1 (36... Qxc3 37. Rxc3) 37. Qd3 Qxd3 $1 $11 {The position is equal.} 38. Rxd3 {[%mdl 4096] Endgame With the idea Bc2. KRB-KRN} Rb7 $1 $132 {[%mdl 2048] Black puts up resistance} 39. Bc2 Rb2 $1 {[%csl LRa2,LRc2]} 40. Bxa4 {Bb3 is the strong threat.} Rxa2 41. Bb3 Ra6 42. Rd7 Kg6 43. Bc4 Rb6 44. Ra7 Kf6 45. Be2 Rb2 46. Bf3 Rb6 47. Be2 Rb4 48. Bf3 f4 49. Ra5 fxg3 50. fxg3 Rb2+ 51. Kh3 Rb3 52. Be4 Re3 53. Bh7 Re5 {Weighted Error Value: White=0.13 (very precise) /Black=0.10 (very precise)} 1/2-1/2

[Event "Kazan Mayors Cup 2022"]
[Site "Kazan"]
[Date "2022.01.29"]
[Round "5.1"]
[White "Faizrakhmanov, Ramil"]
[Black "Artemiev, Vladislav"]
[Result "0-1"]
[WhiteElo "2480"]
[BlackElo "2700"]
[Annotator "TA"]
[PlyCount "61"]
[EventDate "2022.01.28"]
[EventType "tourn"]
[EventCountry "RUS"]
[SourceTitle "playchess.com"]
[Source "ChessBase"]
[SourceQuality "1"]

{[%evp 9,61,21,18,10,26,21,33,30,25,25,18,17,25,26,24,32,38,35,32,47,39,18,31,15,33,40,42,35,36,30,43,22,32,0,0,0,0,0,0,0,0,0,0,0,0,0,0,0,0,0,0,-81,-89,-91]} 1. d4 d5 2. c4 e6 3. Nf3 Nf6 4. Nc3 Nbd7 5. Bf4 Bb4 6. cxd5 {D37: Queen's Gambit Declined: 5 Bf4.} Nxd5 7. Bd2 N5f6 8. g3 {White is slightly better.} b6 {[#]} 9. Qa4 $146 ({Predecessor:} 9. Bg2 Bb7 10. O-O O-O 11. Rc1 c5 12. a3 Bxc3 13. Bxc3 Rc8 14. dxc5 Nxc5 15. Bb4 {0-1 (58) Janik,I (2495)-Wojtaszek,R (2694) Bydgoszcz 2021}) 9... Bxc3 10. Bxc3 Bb7 11. Bg2 O-O 12. O-O a5 13. Rfd1 Qe7 14. Rac1 Rfd8 15. Bd2 c5 16. Bg5 h6 17. Bxf6 Nxf6 {[%cal Bd7f6,Bf6e4,Be4c3,Bc3e2][%mdl 32]} 18. dxc5 Rxd1+ 19. Qxd1 bxc5 20. Qa4 (20. Qc2 $5 {[%cal Rc2c5]}) 20... Bd5 21. b3 Qd6 {Prevents Ne5.} 22. Qb5 Ne4 23. Ne1 Qe5 {[#] Threatens to win with ...Nc3.} 24. Nd3 {[%csl LRc5,LRe5]} Qd4 25. Qa4 Nc3 26. Qxd4 Nxe2+ 27. Kf1 Bxg2+ ({Don't take} 27... Nxd4 28. Bxd5 exd5 29. Rxc5 $16) 28. Kxe2 cxd4 29. f3 {aiming for Nf4.} Bh3 30. Rc4 {[#]} (30. Kd2 $11) 30... e5 $1 $17 31. g4 {Weighted Error Value: White=0.10 (very precise) /Black=0.03 (flawless)} 0-1

[Event "Kazan Mayors Cup 2022"]
[Site "Kazan"]
[Date "2022.01.29"]
[Round "5.2"]
[White "Oparin, Grigoriy"]
[Black "Dreev, Aleksey"]
[Result "1/2-1/2"]
[WhiteElo "2681"]
[BlackElo "2623"]
[Annotator "TA"]
[PlyCount "87"]
[EventDate "2022.01.28"]
[EventType "tourn"]
[EventCountry "RUS"]
[SourceTitle "playchess.com"]
[Source "ChessBase"]
[SourceQuality "1"]

{[%evp 15,87,24,20,13,6,0,0,0,0,0,9,0,0,-16,-15,-48,-46,-61,-68,-86,0,0,0,0,0,0,0,0,0,0,72,0,11,0,13,13,0,0,58,-57,-52,-51,-24,-27,-14,-14,-20,-35,0,-8,-22,-105,0,0,0,0,0,0,0,0,0,0,0,-13,0,0,0,0,0,0,0,0,0,0]} 1. Nf3 d5 2. c4 e6 3. g3 Nf6 4. Bg2 b6 5. cxd5 exd5 6. O-O Bb7 7. d4 Bd6 8. Nc3 O-O 9. Nb5 {D02: 1 d4 d5 2 Nf3 sidelines, including 2...Nf6 3 g3 and 2...Nf6 3 Bf4.} Be7 {[#]} 10. Qc2 $146 ({Predecessor:} 10. Bf4 Na6 11. Rc1 c6 12. Nc3 Nc7 13. Bxc7 Qxc7 14. Ne5 c5 15. e3 Rad8 16. Qc2 a6 {1-0 (53) Girya,O (2457)-Gogolev,A (2407) Yaroslavl 2018}) 10... c6 11. Nc3 Nbd7 12. Bf4 Re8 13. Rad1 Nf8 14. Ne5 Ne6 15. Qa4 Bd6 16. Rfe1 b5 17. Qb3 Nxd4 18. Nxf7 $1 $11 Qb6 19. Rxd4 Bc5 20. e3 {Black must now prevent Ne5.} Bxd4 21. Nd6 Bxc3 22. Qxc3 Re7 {[#]} (22... Re6 $11 {keeps the balance.}) 23. b4 {White is more active.} (23. e4 $1 $16 {[%cal Re4d5] Strongly threatening exd5.} b4 24. Qc1 Nxe4 25. Bxe4 dxe4 26. Qc4+ Kh8 27. Rxe4) 23... Rf8 24. Nf5 {[%mdl 1024] White has compensation.} Ref7 25. Bd6 Rd8 26. Be7 $1 Ra8 (26... Rd7 $11 27. Qe5 Qc7) 27. Nh6+ gxh6 $15 28. Bxf6 c5 {To avoid Bd4} 29. Be5 {This bishop pair is nice.} d4 30. exd4 Bxg2 31. Kxg2 Qc6+ 32. Kg1 c4 33. Qc2 {[#]} (33. Re3 $11 {remains equal.}) 33... Qf3 (33... Rf3 $1 $17 34. a4 a6 35. axb5 axb5) 34. Re3 $11 {Chess con chili. The position is equal.} Qf5 35. Qe2 Rd8 36. Kg2 h5 37. h3 Qg6 38. Kh2 h6 39. Bf4 Kh7 40. Re6 Rf6 41. Re7+ Rf7 42. Re6 Rf6 43. Re7+ Rf7 {[%cal Oh5h4]} 44. Re6 {Weighted Error Value: White=0.16 (very precise) /Black=0.15 (very precise)} 1/2-1/2

[Event "Kazan Mayors Cup 2022"]
[Site "Kazan"]
[Date "2022.01.29"]
[Round "5.3"]
[White "Gunina, Valentina"]
[Black "Matlakov, Maxim"]
[Result "0-1"]
[WhiteElo "2471"]
[BlackElo "2674"]
[Annotator "TA"]
[PlyCount "88"]
[EventDate "2022.01.28"]
[EventType "tourn"]
[EventCountry "RUS"]
[SourceTitle "playchess.com"]
[Source "ChessBase"]
[SourceQuality "1"]

{[%evp 15,88,9,7,4,0,0,0,-33,-37,-28,-45,-59,-49,-66,-63,-66,-42,-82,-87,-83,-76,-178,-181,-177,-184,-250,-243,-281,-210,-278,-270,-267,-266,-388,-366,-375,-274,-283,-281,-254,-269,-285,-276,-316,-313,-315,-279,-453,-448,-456,-442,-540,-537,-543,-542,-572,-543,-540,-549,-780,-765,-579,-343,-833,-829,-2099,-2059,-1956,-1749,-4622,-3669,-29989,-29990,-29989,-29990]} 1. d4 Nf6 2. c4 e6 3. Nf3 d5 4. Nc3 c6 5. e3 Nbd7 6. Qc2 Bd6 7. b3 O-O 8. Bb2 e5 9. Be2 {The main line 9.Be2 scores better than 9.cxd5. D45: Semi-Slav: 5 e3.} e4 10. Nd2 Re8 11. g4 {Hoping for g5. The position is equal.} Nf8 $1 {[%cal Bd7f8,Bf8g6,Bg6h4][%mdl 32]} 12. h3 h6 13. O-O-O Ng6 $1 14. Rdg1 Nh4 $1 {[#]} 15. Kb1 $146 ({Predecessor:} 15. g5 hxg5 16. Rxg5 Bf5 17. Rgg1 Qe7 18. Kb1 a6 19. c5 Bc7 20. Na4 Nh7 21. Qd1 {½-½ (83) Kveinys,A (2530)-Steingrimsson,H (2530) Reykjavik 2015}) 15... a6 16. Nd1 b5 {Black is much more active.} 17. c5 Bc7 18. Nf1 (18. Bc1 $17 {was necessary.}) 18... Nh7 $19 {[%cal Bf6h7,Bh7g5,Bg5f3][%mdl 32]} 19. Ng3 Ng5 20. Nh5 (20. Nc3 $142) 20... Ngf3 21. Rf1 a5 22. Nc3 f5 23. gxf5 Bxf5 24. a4 (24. Rd1 $142) 24... bxa4 25. Nxa4 Bg6 26. Ng3 Bxg3 27. fxg3 {[#]} Nf5 {[%csl LRe3,LRg3] Pair of Knights!} 28. Bc1 ({Much worse is} 28. Bxf3 Nxe3 29. Qc3 exf3+ 30. Ka2 Nxf1 31. Rxf1 Be4 $19) 28... Re6 29. Rhg1 (29. Bxf3 $2 exf3 30. Ka1 Nxg3 $19) 29... Nxg1 30. Rxg1 Qc7 31. Bd1 $2 {[#]} (31. Bg4) 31... Nxd4 $1 {[%mdl 512]} 32. Qc3 ({Not} 32. exd4 $2 e3 33. Qxg6 Rxg6) 32... Nb5 33. Qd2 d4 34. Bb2 Rd8 35. Ka2 Ree8 36. Be2 Bf7 37. exd4 e3 38. Qd3 Qd7 39. g4 $2 (39. Nb6 Qe7 40. Ka1) 39... Nxd4 40. Nb6 Qe6 41. Bd1 {[#]} e2 $1 {[%cal Od4b3] ( -> ...Nxb3!)} 42. Bc2 (42. Nc4 Bg6) 42... Nxc2 43. Qxc2 e1=Q 44. Rxe1 Qxe1 {White did not feel at home in the position after the opening.  Weighted Error Value: White=0.60/Black=0.10 (very precise)} 0-1

[Event "Kazan Mayors Cup 2022"]
[Site "Kazan"]
[Date "2022.01.29"]
[Round "5.4"]
[White "Sarana, Alexey"]
[Black "Rublevsky, Sergei"]
[Result "0-1"]
[WhiteElo "2666"]
[BlackElo "2637"]
[Annotator "TA"]
[PlyCount "136"]
[EventDate "2022.01.28"]
[EventType "tourn"]
[EventCountry "RUS"]
[SourceTitle "playchess.com"]
[Source "ChessBase"]
[SourceQuality "1"]

{[%evp 17,136,0,14,-8,-3,-28,0,0,0,0,0,0,0,0,0,0,0,0,5,6,7,-4,0,-12,0,0,0,-3,7,8,14,13,30,11,20,5,9,0,0,0,0,0,0,0,0,-212,-189,-189,-168,-237,-235,-233,-234,-262,-242,-277,-243,-263,-325,-274,-314,-324,-335,-333,-333,-332,-312,-320,-280,-306,-145,-443,-442,-432,-433,-401,-303,-375,-396,-393,-400,-333,-268,-247,-244,-257,-243,-243,-246,-235,-243,-238,-225,-189,-150,-829,-752,-1031,-1038,-1129,-608,-1725,-1483,-6207,-5600,-29967,-29968,-29966,-29968,-29978,-29979,-29979,-29961,-29981,-29982,-29982,-29982,-29985,-29986,-29986,-29984]} 1. d4 d5 2. c4 c6 3. Nf3 Nf6 4. g3 Bg4 5. Bg2 e6 6. O-O Nbd7 7. b3 Be7 8. Bb2 O-O 9. Nbd2 h6 10. h3 {D11: Slav Defence: 3 Nf3 sidelines and 3...Nf6 4 e3 Bg4.} Bf5 11. e3 {[#]} Ne4 $146 ({Predecessor:} 11... Bd3 12. Re1 Qc7 13. Rc1 Rad8 14. Bf1 Bf5 15. cxd5 exd5 16. Nh4 Bh7 17. Nb1 Ne4 {0-1 (41) Alberio,S (1948)-Fortuny,M (1848) ICCF email 2020}) 12. Qe2 {The position is equal.} a5 13. a3 Qb6 14. Rfc1 Rfc8 15. c5 Qc7 16. b4 axb4 17. axb4 b6 18. Nxe4 Bxe4 19. Bf1 bxc5 20. bxc5 Rxa1 21. Rxa1 Bf6 22. Ra2 Bxf3 23. Qxf3 Qb8 {[%cal Od7c5]} 24. Qe2 e5 25. Qd2 exd4 26. exd4 Nf8 {[%cal Bd7f8,Bf8e6,Be6g5,Bg5e4][%mdl 32]} 27. Bd3 Ne6 28. Bf5 Re8 29. Bc3 Ng5 {And now ...Nf3+ would win.} 30. Qd3 {Prevents Nf3+.} Ne4 31. Ba5 $2 {[#]} (31. Ba1 $11 {and White stays safe.}) 31... Bxd4 $1 $19 {[%mdl 512]} 32. Kg2 Qe5 33. Qf3 (33. Re2 $142) 33... Nxc5 34. Bb6 Ne6 35. Bxe6 fxe6 36. Re2 Qf6 37. Qh5 Rf8 38. Bxd4 Qxd4 {[%mdl 4096] Endgame KQR-KQR} 39. f4 Qf6 40. Qg4 Re8 41. Re5 c5 42. Qe2 Kf7 43. f5 Re7 (43... c4 $19 {and Black stays clearly on top. Hoping for ...Re7.} 44. Qb2 Kg8) 44. Qh5+ $2 {[%mdl 8192]} (44. Rxe6 $17 {was called for.} Rxe6 45. fxe6+ Qxe6 46. Qf2+ Kg6 47. Qxc5) 44... g6 $1 45. fxg6+ Qxg6 46. Qf3+ Kg7 47. Qc3 Qf6 48. Qxc5 Rf7 ({Stronger than} 48... Qxe5 49. Qxe7+ Kg8 50. Qe8+ Kh7 51. Qf7+ Kh8 52. Qe8+ (52. Qf8+ Kh7 $11) 52... Kg7 53. Qe7+ Kh8 54. Qf8+ Kh7 55. Qf7+ Kh8 56. Qf8+ Kh7 57. Qf7+ $11) 49. Re1 Qf3+ 50. Kh2 Qf2+ $1 51. Qxf2 Rxf2+ {KR-KR} 52. Kg1 Rf6 53. Kg2 Rg6 54. Kf3 {[#]} Kf6 $1 55. g4 e5 {[%cal Be6e5,Be5e4,Be4e3][%mdl 32]} 56. h4 $2 {White does not recover from this.} (56. Rb1 $17) 56... Ke6 57. Ra1 {[#]} e4+ $1 58. Kg3 Ke5 59. h5 Rf6 {Strongly threatening ...e3.} 60. g5 hxg5 61. Kg4 e3 {Black mates.} 62. Kxg5 Rf2 63. h6 Rg2+ 64. Kh4 Rh2+ 65. Kg5 d4 {[%cal Bd5d4,Bd4d3,Bd3d2][%mdl 32]} 66. Ra7 d3 67. h7 d2 68. Rd7 Ke4 {Weighted Error Value: White=0.67/Black=0.18 (very precise)} 0-1

[Event "Kazan Mayors Cup 2022"]
[Site "Kazan"]
[Date "2022.01.29"]
[Round "5.5"]
[White "Timofeev, Artyom"]
[Black "Galliamova, Alisa"]
[Result "0-1"]
[WhiteElo "2572"]
[BlackElo "2421"]
[Annotator "TA"]
[PlyCount "112"]
[EventDate "2022.01.28"]
[EventType "tourn"]
[EventCountry "RUS"]
[SourceTitle "playchess.com"]
[Source "ChessBase"]
[SourceQuality "1"]

{[%evp 9,112,-77,67,66,42,-20,-19,-30,-29,-38,-33,-42,-10,-70,-82,-88,-84,-97,-65,-67,-60,-93,-68,-102,-97,-110,-106,-106,-114,-122,-111,-137,-137,-145,-56,-84,-84,-83,-80,-136,-131,-145,-143,-160,-156,-170,-164,-140,-146,-161,-153,-152,-157,-156,-127,-200,-191,-346,-160,-235,-243,-262,-239,-238,-236,-306,-255,-248,-253,-301,-285,-317,-269,-291,-270,-572,-550,-531,-294,-335,-299,-502,-466,-840,-810,-905,-900,-1006,-1005,-964,-965,-878,-841,-1548,-1433,-1803,-1550,-1800,-1683,-2077,-2057,-1975,-1957,-29990,-1747]} 1. d4 d5 2. Nf3 Nf6 3. Bg5 Ne4 4. h4 c5 5. dxc5 {[#]} Nxc5 $146 (5... f6 $17 6. Be3 e5) ({Predecessor:} 5... Nc6 6. Nbd2 Nxc5 7. e3 f6 8. Bf4 e5 9. Bg3 Be6 10. Be2 Qb6 11. Nb3 Ne4 12. Bh2 {0-1 (35) Vass,F (2402)-Antoniewski,R (2508) Slovakia 2008}) 6. Nc3 $14 {[%cal Oe2e4] D03: 1 d4 d5 2 Nf3 Nf6 3 Bg5, including Torre Attack with early ...d5.} f6 {[%cal Bf7f6,Bf6f5][%mdl 32] [#]} 7. Be3 (7. Qxd5 $1 $14 Qb6 8. Qc4) 7... e6 $11 8. g3 {The position is equal.} Nc6 9. Bh3 Be7 10. O-O O-O 11. h5 (11. Bxc5 $11 Bxc5 12. e3) 11... f5 $15 12. Bxc5 Bxc5 13. e3 b6 14. Bg2 Qf6 15. Rb1 Bd7 {[%cal Bc8d7,Bd7e8,Be8f7][%mdl 32]} 16. Ne2 {[%cal Oc2c4]} Be8 {Black is more active.} 17. Nf4 {[%cal Of3d4]} Rd8 18. c3 Bf7 19. Nd4 Ne7 20. Nd3 e5 21. Nxc5 exd4 (21... bxc5 $17 22. Nb3 Qb6) 22. Nd3 dxe3 23. fxe3 Qg5 {[%csl LRe3,LRg3,LRh5]} 24. Nf4 ({Better is} 24. Qe1) 24... Qxg3 $17 25. Rf3 Qg5 26. Qe1 Bxh5 27. Rg3 {[#]} Bg4 $1 {And now ...Qf6 would win.} 28. Ne6 Qf6 29. Nxd8 Rxd8 30. Bf3 h5 {Threatens to win with ...h4.} 31. Qf2 Ng6 32. Be2 (32. Rd1 $17) 32... Qe5 $19 33. Rf1 $2 (33. Rg2) 33... Rf8 (33... Bxe2 $19 34. Rxg6 Bxf1 35. Kxf1 Kf7) 34. Bd3 (34. Rg2 $17 {might work better.}) 34... Rf6 35. Re1 a5 36. Rg2 Qd6 37. Qg3 Ne5 38. Be2 g5 {Prevents Qf4.} 39. Rf1 h4 {[%cal Bh5h4,Bh4h3][%mdl 32]} 40. Qe1 Bxe2 {Dancing on a razor blade.} 41. Qxe2 g4 42. Qf2 $2 (42. Rgf2 {is a better chance.} Qe6 43. Qc2) 42... h3 43. Rg3 Kg7 {[%cal Bg8g7,Bg7g6,Bg6h5][%mdl 32] ...Nd3 is the strong threat.} 44. Qf4 Nf7 {[%cal Be5f7,Bf7g5,Bg5e4][%mdl 32]} 45. Re1 $2 (45. c4 Ne5 46. cxd5) 45... Kg6 46. Kf2 (46. Kh1 $142 Ng5 47. Kh2) 46... Ng5 {Strongly threatening ...Ne4+.} 47. Ke2 Ne4 48. Rgg1 Qxf4 49. exf4 {[%mdl 4096] Endgame KRR-KRN} Kh5 50. Ke3 g3 {[%cal Bg4g3,Bg3g2][%mdl 32]} 51. Kd4 h2 52. Rg2 Kh4 53. Ke5 Rf8 54. Kxd5 Kh3 55. Rge2 g2 56. Kd4 Rh8 {Weighted Error Value: White=0.80/Black=0.26 (precise)} (56... g1=Q+ $142 57. Re3+ Kg4 58. Kd5 {[#]} h1=Q $1 59. Kc4 Qxe1 60. Rxe1 Rc8+ 61. Kd3 Qxe1 62. Kc2 a4 63. a3 Rd8 64. c4 Rd2#) 0-1

[Event "Kazan Mayors Cup 2022"]
[Site "Kazan"]
[Date "2022.01.29"]
[Round "6.1"]
[White "Matlakov, Maxim"]
[Black "Faizrakhmanov, Ramil"]
[Result "1-0"]
[WhiteElo "2674"]
[BlackElo "2480"]
[Annotator "TA"]
[PlyCount "106"]
[EventDate "2022.01.28"]
[EventType "tourn"]
[EventCountry "RUS"]
[SourceTitle "playchess.com"]
[Source "ChessBase"]
[SourceQuality "1"]

{[%evp 11,106,15,25,14,33,26,15,22,18,10,11,18,22,14,35,17,55,1,25,2,84,99,169,176,240,239,242,238,230,138,190,169,193,195,250,96,92,60,171,143,618,199,211,222,209,213,175,121,196,192,185,197,191,198,191,182,170,182,158,163,202,199,204,197,193,189,236,86,34,0,243,233,219,227,240,229,467,412,512,470,589,532,618,612,1772,1700,907,555,29976,29977,29975,29968,29955,29961,29984,29985,29987]} 1. d4 Nf6 2. c4 e6 3. g3 d5 4. Bg2 dxc4 5. Nf3 Bb4+ 6. Bd2 a5 7. Qc1 {E04: Open Catalan: 5 Nf3.} c5 (7... b6 {with more complications.} 8. Ne5 Ra7 9. Bxb4 axb4 10. Qxc4 Qd6) 8. a3 (8. Qxc4 {is more complex.} b6 9. dxc5 Bxc5 10. Ne5 Ra7 11. Qa4+) 8... Bxd2+ 9. Nbxd2 {[%cal Bb1d2,Bd2c4,Bc4e5,Be5c6][%mdl 32] The position is equal.} cxd4 {[%cal Oc4c3]} 10. Nxc4 {[%cal Oc4d6]} O-O 11. O-O b5 12. Nce5 Bb7 13. Rd1 {[#]} Qb6 $146 ({Predecessor:} 13... Nbd7 14. Rxd4 Bd5 15. Nxd7 Qxd7 16. Ne5 Qa7 17. Bxd5 Nxd5 18. Nc6 Qb7 19. a4 bxa4 20. Rdxa4 {½-½ (28) Taksrud,V (2140)-Klausen,T (2445) ICCF email 2021}) 14. Rxd4 (14. Nxd4 $14 Bxg2 15. Kxg2) 14... Na6 $11 15. Qd1 Rfd8 {Inhibits Rd6.} (15... Rac8 $11 {keeps the balance.}) 16. Rc1 $16 {[%cal Oe5c6] White is more active.} h6 (16... Bd5 $16) 17. Nc6 $1 $18 Bxc6 {[#]} (17... Rxd4 $142 18. Qxd4 (18. Nfxd4 Nc5 $14) 18... Qc7) 18. Rxc6 $1 {[%mdl 512]} Rxd4 19. Nxd4 (19. Rxb6 $2 {perishes.} Rxd1+ 20. Bf1 b4 $19) 19... Qd8 20. Rc1 Ra7 (20... Rc8 $16 {might work better.}) 21. Nxb5 Rd7 22. Qa4 Rd2 (22... Nb8 {was called for.} 23. Qb3 g6) 23. Bf3 $2 (23. b4 $18 {and White stays clearly on top.}) 23... Rxb2 $16 24. Nd4 {[%cal Bb5d4,Bd4c6,Bc6e7][%mdl 32]} Nd5 (24... Nb8 $14) 25. Nc6 Qb6 {[%mdl 8192] [#]} (25... Qg5 $16 26. Qd1 Nb6) 26. Bxd5 $2 (26. Ne7+ $1 {[%mdl 512]} Nxe7 27. Qe8+ Kh7 28. Qxe7) 26... Rb1 $18 27. Rxb1 ({Don't take} 27. Ne7+ $6 Kf8 28. Rxb1 (28. Ng6+ fxg6 29. Qf4+ Ke7 $14) 28... Qxb1+ 29. Kg2 exd5 $16) 27... Qxb1+ 28. Kg2 exd5 29. Ne7+ (29. Nxa5 $18 {Hoping for Qe8+.} Qe4+ 30. Qxe4 dxe4 31. f4) 29... Kf8 (29... Kh7 $16 {keeps fighting.}) 30. Nxd5 Nc5 31. Qc4 Qe4+ 32. Qxe4 Nxe4 {[%mdl 4096] Endgame KN-KN} 33. Kf3 Nd2+ 34. Kf4 Ke8 35. Nb6 Kd8 36. Ke5 $1 Kc7 37. Nd5+ Kc6 38. Kd4 Nb3+ {[#]} (38... f6 $142 39. Nc3 Nb3+ 40. Kc4 Nd2+ 41. Kd3 Nb3) 39. Kc4 (39. Kc3 $1 $18 {is the precise move to win.}) 39... Nd2+ $16 40. Kd4 $2 (40. Kd3 $14) 40... Nb3+ $18 {[#]} 41. Kc3 $1 Nc5 42. Kc4 Ne4 43. Ne7+ Kd6 $2 (43... Kb6 44. Nf5 Nxf2 45. Nxg7 Ng4) 44. Nf5+ Ke5 45. Nxg7 Nxf2 46. Kb5 Ng4 47. Kxa5 Nxh2 48. a4 {[%cal Ba3a4,Ba4a5,Ba5a6][%mdl 32] Threatens to win with Kb6.} Nf1 49. Kb6 Nxg3 50. a5 {White mates.} Ne4 51. a6 Nd6 {[#]} 52. Ne8 $1 {[%mdl 512]} Nc8+ (52... Nxe8 53. a7) 53. Kb7 Kd5 {Weighted Error Value: White=0.40/Black=0.51} 1-0